Europejskie Miasta - Nagła śmierć - Statystyki

Ogólne statystyki
  • Ten quiz został rozwiązany 419 razy
  • Średni wynik to 6 z 9
Answers on the Grid
Answers color-coded by a green-red scale on the quiz's grid according to % correct below.
Stambuł
Pecz
Rabat
Moskwa
Kapsztad
Astana
Kilonia
Malmö
Lubeka
Asmara
Norylsk
Bańska - Bystrzyca
Koszyce
Charków
Dżajpur
Santiago
 
Statystyki odpowiedzi
Odpowiedź % Poprawnych
Moskwa
87%
Charków
83%
Malmö
80%
Koszyce
79%
Stambuł
73%
Bańska - Bystrzyca
66%
Lubeka
59%
Kilonia
51%
Pecz
43%
Nie znaleziono quizów pasujących do podanych kryteriów
Rozkład punktacji
Procent ludzi z każdym wynikiem
Percentyl według liczby udzielonych odpowiedzi
Twoja historia wyników
Nie rozwiązałeś tego quizu